• 首页
  • 本馆介绍
  • 公告通知
  • 最新文献
  • 馆藏检索
  • 电子资源
  • 读者导购
  • 参考咨询
  • 我的图书馆
  • 登录
  • 详细信息显示
  • 放入我的书架
  • 预约/预借图书
  • 作者相关作品
  • 分类相关作品
  • 丛书相关作品
  • 出版社相关作品

书目信息

  • 表格格式
  • 工作单格式
  • 卡片格式
题名:
数字人类
    
 
作者: 斯金纳 著 ;李亚星 译
分册:  
出版信息: 北京   中信出版集团股份有限公司  2019
页数: 396页
开本: 21cm
丛书名:
单 册:
中图分类: F7-39 , F7
科图分类:
主题词: 数字化--影响--贸易经济--研究
电子资源:
ISBN: 978-7-5217-0898-1
000 01413nam0 2200289 450
001 2057728058
005 20201127160246.50
010    @a978-7-5217-0898-1@dCNY59.00
100    @a20200603d2019 em y0chiy50 ea
101 1  @achi@ceng
102    @aCN@b110000
105    @ay z 000yy
200 1  @a数字人类@9shu zi ren lei@b专著@dDigital human@f(英)克里斯·斯金纳(Chris Skinner)著@g李亚星译@zeng
210    @a北京@c中信出版集团股份有限公司@d2019
215    @a396页@d21cm
312    @a书名原文:Digital human: the fourth revolution of humanity includes everyone
312    @a封面副题名:第四次人类革命的未来图谱
330    @a本书作者是知名金融评论家克里斯·斯金纳,他从亿万年前的人类起源说起,以大胆和富有想象力的方式展示了移动支付的未来图景,并提出了一系列的银行转型建议。他高度赞扬了中国移动支付发展现状,并与蚂蚁金服、支付宝团队高管等深入对谈,从实际业务的角度探讨普惠金融的发展前景。在他看来,数字化不仅是一种技术发方面的转型,由此引申出的数字革命还创造了人类的第四个时代。
510 1  @aDigital human@ethe fourth revolution of humanity includes everyone@zeng
517 1  @a第四次人类革命的未来图谱@9di si ci ren lei ge ming de wei lai tu pu
606 0  @a数字化@x影响@x贸易经济@x研究
690    @aF7-39@v5
690    @aF7@v4
701  0 @c(英)@a斯金纳@9si jin na@c(Skinner, Chris)@4著
702  0 @a李亚星@9li ya xing@c(电子商务)@4译
801  2 @aCN@b58marc.cn@c20200606
905    @aMUSE@dF7@e9
    
    数字人类=Digital human/(英)克里斯·斯金纳(Chris Skinner)著/李亚星译.-北京:中信出版集团股份有限公司,2019
    396页;21cm
    
    
    ISBN 978-7-5217-0898-1:CNY59.00
    本书作者是知名金融评论家克里斯·斯金纳,他从亿万年前的人类起源说起,以大胆和富有想象力的方式展示了移动支付的未来图景,并提出了一系列的银行转型建议。他高度赞扬了中国移动支付发展现状,并与蚂蚁金服、支付宝团队高管等深入对谈,从实际业务的角度探讨普惠金融的发展前景。在他看来,数字化不仅是一种技术发方面的转型,由此引申出的数字革命还创造了人类的第四个时代。
●
相关链接 在五车中查询图书 在当当中查询图书 在豆瓣中查询图书


正题名:数字人类     索取号:F7/9         预约/预借

序号 登录号 条形码 馆藏地/架位号 状态 备注
1 871335   2000871335   第二书库/ [索取号:F7/9] 在馆    
2 871336   2000871336   第二书库/ [索取号:F7/9] 在馆    
3 871337   2000871337   第二书库/ [索取号:F7/9] 在馆    
山东省滨州职业学院图书馆 欢迎您!
大连网信软件有限公司© 版权所有